| 000 | 01005nam a2200325Ia 4500 | ||
|---|---|---|---|
| 003 | OSt | ||
| 005 | 20220912150309.0 | ||
| 006 | a|||||r|||| 00| 0 | ||
| 007 | ta | ||
| 008 | 220909b |||||||| |||| 00| 0 eng d | ||
| 020 | _a0716738635 (hbd) | ||
| 024 | _a11621 | ||
| 037 | _bAshutosh, | ||
| 037 | _cTextbook | ||
| 040 |
_aCSL _beng _cCSL |
||
| 041 | _aeng | ||
| 082 | _aK:3, P2;4 TK | ||
| 100 | _aRandall David | ||
| 245 | 0 | _aEckert animal physiology: Mechanisms and adaptations | |
| 250 | _a5 | ||
| 260 |
_aNew York _b W H Freeman and Company _c2002 |
||
| 300 | _axvii, 736p+vp | ||
| 500 |
_aIncludes bibliographical references; Glossary G1-G24p; Bibliographical references R1-R8p; Appendix A1-A4p; Index I1-I20p. _ccm. |
||
| 650 | _a Physiology | ||
| 650 | _aZoology | ||
| 700 | _a Burggren Warren | ||
| 700 | _a French Kathleen | ||
| 942 |
_hK:3, P2;4 TK _cTB _2CC |
||
| 999 |
_c44269 _d44269 |
||